Olympic Track Champions 2024-Women - Statistics

General Stats
  • This quiz has been taken 12 times
  • The average score is 9 of 21
Answer Stats
Event Champion Country % Correct
100m Julian Alfred Saint Lucia
73%
800m Keely Hodgkinson Great Britain
73%
200m Gabrielle Thomas USA
64%
Marathon Sifan Hassan Netherlands
64%
400m Hurdles Sydney McLaughlin-Levrone USA
55%
1500m Faith Kipyegon Kenya
45%
400m Marileidy Paulino Dominican Republic
45%
Heptathlon Nafissatou Thiam Belgium
45%
Pole Vault Nina Kennedy Australia
45%
Long Jump Tara Davis-Woodhall USA
45%
Discus Valarie Allman USA
45%
5000m Beatrice Chebet Kenya
36%
10000m Beatrice Chebet Kenya
36%
100m Hurdles Masai Russel USA
36%
Triple Jump Thea Lafond Dominica
36%
3000m Steeplechase Winfred Yavi Bahrain
36%
High Jump Yaroslava Mahuchikh Ukraine
36%
Hammerthrow Camryn Rogers Canada
27%
Javelin Haruka Kitaguchi Japan
27%
Shotput Yemisi Ogunleye Germany
27%
20km Racewalk Yang Jiayu China
18%
No matching quizzes found
Score Distribution
Percent of People with Each Score
Percentile by Number Answered
Your Score History
You have not taken this quiz